Statistics for US Metros with the Most Million Dollar Zips

Click here to take the quiz!

General Stats

  • This quiz has been taken 77 times
  • The average score is 9 of 12

Answer Stats

No. of Million Dollar ZipsAnswer% Correct
91San Francisco Bay Area
100%
71New York
100%
2Chicago
97%
50Los Angeles
95%
6San Diego
95%
2Dallas
95%
12Boston
94%
3Seattle
94%
4Washington D.C.
89%
3Honolulu
59%
4Santa Barbara
9%
4Salinas
3%

Score Distribution

Percentile by Number Answered

Percent of People with Each Score

Your Score History

You have not taken this quiz